[Event "IND-chT 43rd"]
[Site "Dharamshala"]
[Date "2024.04.01"]
[Round "6.4"]
[White "Gusain, Himal"]
[Black "Tejas Shah, Jihan"]
[Result "1-0"]
[WhiteElo "2484"]
[BlackElo "2016"]
[PlyCount "87"]
[EventDate "2024.03.29"]
[EventType "team-swiss"]
[EventRounds "9"]
[EventCountry "IND"]
[SourceTitle "CB15_2024"]
[SourceDate "2024.04.10"]
[SourceVersion "1"]
[SourceVersionDate "2024.04.10"]
[SourceQuality "1"]
[WhiteTeam "Railway Sport PB II"]
[BlackTeam "Gujarat"]
[WhiteTeamCountry "IND"]
[BlackTeamCountry "IND"]

1. e4 c5 2. Nf3 Nc6 3. Bb5 g6 4. Bxc6 dxc6 5. d3 Bg7 6. h3 Nf6 7. Nc3 Nd7 8. Be3 e5 9. Qd2 h6 10. 0-0 b6 11. Nh2 Nf8 12. f4 exf4 13. Bxf4 Ne6 14. Bg3 Qg5 15. Qe1 Nd4 16. Nf3 Nxf3+ 17. Rxf3 0-0 18. e5 Be6 19. Ne4 Qd8 20. Kh1 Qd4 21. b3 Qd7 22. Nf6+ Bxf6 23. Rxf6 Rae8 24. Qd2 Kg7 25. Raf1 Bf5 26. R1xf5 Qxf5 27. Rxf5 gxf5 28. Qf4 Re6 29. Bh4 Kg6 30. Bf6 Rfe8 31. Qg3+ Kh5 32. Qg7 Rxf6 33. Qxf6 Rg8 34. Qxf7+ Rg6 35. e6 Kg5 36. h4+ Kf4 37. Qxg6 Ke3 38. e7 Kd2 39. e8Q Kc1 40. Qe1+ Kb2 41. Qf6+ Ka3 42. Qfc3 c4 43. Qc1+ Kxa2 44. Q1a1# 1-0

[Event "Lagos op 1st"]
[Site "Lagos"]
[Date "2023.10.29"]
[Round "3"]
[White "Gusain, Himal"]
[Black "Cumming, Rhys"]
[Result "1-0"]
[WhiteElo "2437"]
[BlackElo "2298"]
[PlyCount "67"]
[EventDate "2023.10.28"]
[EventType "swiss"]
[EventRounds "9"]
[EventCountry "POR"]
[SourceTitle "Mega2024 Update 01"]
[Source "Chessbase"]
[SourceDate "2023.11.12"]
[SourceVersion "1"]
[SourceVersionDate "2023.11.12"]
[SourceQuality "1"]

1. e4 e5 2. Nf3 Nf6 3. Nxe5 d6 4. Nf3 Nxe4 5. Nc3 Nxc3 6. dxc3 Be7 7. Be3 0-0 8. Qd2 Nd7 9. 0-0-0 Nf6 10. Bd3 c5 11. h3 Be6 12. Kb1 Qa5 13. a3 d5 14. c4 Qxd2 15. Nxd2 Rfd8 16. Rhe1 Kf8 17. g4 dxc4 18. Nxc4 Nd5 19. Bc1 h6 20. f4 Bh4 21. Rf1 Ne7 22. Ne5 Bd5 23. g5 hxg5 24. fxg5 Bg3 25. Bf4 Bxf4 26. Rxf4 Kg8 27. Rdf1 Rf8 28. h4 Be6 29. h5 Nd5 30. R4f3 f6 31. h6 f5 32. h7+ Kxh7 33. Rh3+ Kg8 34. Rfh1 1-0

[Event "Oviedo op 9th"]
[Site "Oviedo"]
[Date "2023.07.27"]
[Round "6"]
[White "Gusain, Himal"]
[Black "Gines Esteo, Pedro Antonio"]
[Result "1-0"]
[WhiteElo "2399"]
[BlackElo "2495"]
[PlyCount "89"]
[EventDate "2023.07.24"]
[EventType "swiss"]
[EventRounds "9"]
[EventCountry "ESP"]
[SourceTitle "CBM 215 Extra"]
[Source "ChessBase"]
[SourceDate "2023.09.30"]
[SourceVersion "1"]
[SourceVersionDate "2023.09.30"]
[SourceQuality "1"]

1. e4 c6 2. d4 d5 3. e5 c5 4. dxc5 e6 5. a3 Bxc5 6. b4 Be7 7. Nf3 a5 8. b5 a4 9. c4 dxc4 10. Qc2 Nd7 11. Qxc4 b6 12. Be3 Bb7 13. Nbd2 Bc5 14. Qg4 Kf8 15. Bc4 Ne7 16. 0-0 Nf5 17. Ne4 Nxe3 18. fxe3 Bxe3+ 19. Kh1 h5 20. Qxe6 fxe6 21. Nfg5+ Nf6 22. Nxe6+ Ke7 23. exf6+ gxf6 24. Nxd8 Bxe4 25. Nc6+ Bxc6 26. Rae1 Bb7 27. Rxe3+ Kd6 28. Rd1+ Kc7 29. Re7+ Kb8 30. Rdd7 Ra7 31. Bd5 Bxd5 32. Rxa7 Rc8 33. Kg1 Rc1+ 34. Kf2 Rc2+ 35. Ke3 Bxg2 36. Rad7 Rc8 37. Rd6 Ka8 38. Rxb6 f5 39. Rbe6 Rc3+ 40. Kd4 Rxa3 41. Ra6+ Kb8 42. Rg6 Bb7 43. Rb6 Rh3 44. Rbxb7+ Kc8 45. Rec7+ 1-0

[Event "Oviedo op 9th"]
[Site "Oviedo"]
[Date "2023.07.25"]
[Round "3"]
[White "Gusain, Himal"]
[Black "Contin, Daniel"]
[Result "1-0"]
[WhiteElo "2399"]
[BlackElo "2243"]
[PlyCount "45"]
[EventDate "2023.07.24"]
[EventType "swiss"]
[EventRounds "9"]
[EventCountry "ESP"]
[SourceTitle "CBM 215 Extra"]
[Source "ChessBase"]
[SourceDate "2023.09.30"]
[SourceVersion "1"]
[SourceVersionDate "2023.09.30"]
[SourceQuality "1"]

1. e4 c5 2. Nf3 d6 3. d4 Nf6 4. Nc3 cxd4 5. Nxd4 a6 6. h3 e5 7. Nf3 Be7 8. g4 Nc6 9. g5 Nxe4 10. Nxe4 d5 11. Nc3 Be6 12. Bg2 e4 13. Nd4 Bxg5 14. Nxe6 fxe6 15. Qh5+ Kd7 16. Bxg5 Qa5 17. Qf7+ Kd6 18. 0-0-0 Ne5 19. Nxe4+ Kc6 20. Qxe6+ Kb5 21. Rxd5+ Kb4 22. Qd6+ Ka4 23. Qa3# 1-0

[Event "Caspian Cup 19th"]
[Site "Rasht"]
[Date "2023.02.17"]
[Round "7"]
[White "Khoshkalam, Seyed Mehrab"]
[Black "Gusain, Himal"]
[Result "0-1"]
[WhiteElo "2279"]
[BlackElo "2378"]
[PlyCount "31"]
[EventDate "2023.02.12"]
[EventType "swiss"]
[EventRounds "9"]
[EventCountry "IRI"]
[SourceTitle "EXT 2024"]
[Source "ChessBase"]
[SourceDate "2023.10.10"]
[SourceVersion "1"]
[SourceVersionDate "2023.10.10"]
[SourceQuality "1"]

1. d4 d5 2. Nf3 Nf6 3. g3 c5 4. Bg2 cxd4 5. 0-0 h6 6. b3 g6 7. Bb2 Bg7 8. Nxd4 0-0 9. c4 e5 10. Nb5 a6 11. N5c3 d4 12. Nd5 Nc6 13. e4 b5 14. Nd2 bxc4 15. Nxc4 Be6 16. Ba3 0-1

[Event "Hyderabad Singh Ji Memorial"]
[Site "Hyderabad"]
[Date "2023.01.13"]
[Round "7"]
[White "Gusain, Himal"]
[Black "Ramakrishna, J."]
[Result "1-0"]
[WhiteElo "2381"]
[BlackElo "2061"]
[PlyCount "57"]
[EventDate "2023.01.10"]
[EventType "swiss"]
[EventRounds "9"]
[EventCountry "IND"]
[SourceTitle "CBM 212 Extra"]
[Source "ChessBase"]
[SourceDate "2023.03.31"]
[SourceVersion "1"]
[SourceVersionDate "2023.03.31"]
[SourceQuality "1"]

1. e4 c5 2. Nf3 d6 3. d4 cxd4 4. Nxd4 Nf6 5. Nc3 Nc6 6. Bc4 Bd7 7. Bb3 e6 8. Be3 Be7 9. f4 0-0 10. Qf3 Nxd4 11. Bxd4 b5 12. e5 Ne8 13. 0-0 b4 14. Ne4 Bc6 15. Rad1 Bxe4 16. Qxe4 d5 17. Qe3 Qd7 18. Rf3 f5 19. exf6 Bxf6 20. f5 exf5 21. Bc5 Nc7 22. Bxf8 Kxf8 23. Qf4 a5 24. Qxf5 Rd8 25. c3 Qc6 26. Qxh7 a4 27. Bc2 Ke7 28. Re1+ Kd6 29. Rxf6+ 1-0

[Event "Raipur Chhattisgarh"]
[Site "Raipur"]
[Date "2022.09.23"]
[Round "5"]
[White "Mohammad, Nubairshah Shaikh"]
[Black "Gusain, Himal"]
[Result "1/2-1/2"]
[WhiteElo "2461"]
[BlackElo "2359"]
[PlyCount "64"]
[EventDate "2022.09.19"]
[EventType "swiss"]
[EventRounds "10"]
[EventCountry "IND"]
[SourceTitle "CBM 210 Extra"]
[Source "ChessBase"]
[SourceDate "2022.11.30"]
[SourceVersion "1"]
[SourceVersionDate "2022.11.30"]
[SourceQuality "1"]

1. d4 Nf6 2. Nf3 d5 3. c4 e6 4. g3 dxc4 5. Bg2 Bb4+ 6. Bd2 c5 7. dxc5 Bxc5 8. Qa4+ Nbd7 9. 0-0 0-0 10. Qxc4 b5 11. Qxb5 Rb8 12. Qc4 Rb7 13. Bc3 Rb3 14. Nbd2 Rxb2 15. Nb1 Rb8 16. Nbd2 Bb7 17. Nb3 Bd5 18. Qa4 Ne4 19. Ba5 Bb6 20. Bxb6 Nxb6 21. Qd4 Bb7 22. Rac1 f6 23. Rfd1 Qe7 24. Nfd2 Nxd2 25. Qxd2 Bxg2 26. Kxg2 Rfd8 27. Qe3 Rxd1 28. Rxd1 e5 29. Qe4 Rc8 30. Rc1 Rxc1 31. Nxc1 g6 32. Nb3 Kg7 1/2-1/2

[Event "Raipur Chhattisgarh"]
[Site "Raipur"]
[Date "2022.09.21"]
[Round "3"]
[White "Gusain, Himal"]
[Black "Aronyak, Ghosh"]
[Result "1/2-1/2"]
[WhiteElo "2359"]
[BlackElo "2519"]
[PlyCount "33"]
[EventDate "2022.09.19"]
[EventType "swiss"]
[EventRounds "10"]
[EventCountry "IND"]
[SourceTitle "CBM 210 Extra"]
[Source "ChessBase"]
[SourceDate "2022.11.30"]
[SourceVersion "1"]
[SourceVersionDate "2022.11.30"]
[SourceQuality "1"]

1. c4 c6 2. Nf3 d5 3. e3 Nf6 4. d4 Bf5 5. Bd3 e6 6. 0-0 Nbd7 7. b3 Bd6 8. Bxf5 exf5 9. Ba3 Bxa3 10. Nxa3 Qe7 11. Qc1 0-0 12. Qb2 a5 13. Nc2 Ne4 14. Na3 Nef6 15. Nc2 Ne4 16. Na3 Nef6 17. Nc2 1/2-1/2

[Event "Raipur Chhattisgarh"]
[Site "Raipur"]
[Date "2022.09.19"]
[Round "1"]
[White "Gusain, Himal"]
[Black "Vignesh, B."]
[Result "1-0"]
[WhiteElo "2359"]
[BlackElo "2083"]
[PlyCount "83"]
[EventDate "2022.09.19"]
[EventType "swiss"]
[EventRounds "10"]
[EventCountry "IND"]
[SourceTitle "CBM 210 Extra"]
[Source "ChessBase"]
[SourceDate "2022.11.30"]
[SourceVersion "1"]
[SourceVersionDate "2022.11.30"]
[SourceQuality "1"]

1. e4 g6 2. d4 Bg7 3. Nc3 d6 4. f4 Nf6 5. Nf3 c5 6. dxc5 Qa5 7. Bd3 Qxc5 8. Qe2 Nc6 9. Be3 Qa5 10. 0-0 Ng4 11. Bd2 Nd4 12. Qe1 Nxf3+ 13. gxf3 Nf6 14. e5 dxe5 15. fxe5 Nd7 16. Ne4 Qc7 17. Nd6+ Kf8 18. Nxf7 Kxf7 19. e6+ Kf8 20. exd7 Bxd7 21. Qh4 Bf5 22. Bxf5 Qc5+ 23. Kh1 Qxf5 24. Rae1 Re8 25. Re4 Bf6 26. Qf2 Rd8 27. Rfe1 Kf7 28. Rf4 Qd5 29. Bc3 Rhe8 30. Qxa7 Rd6 31. Qe3 Qxa2 32. Re4 e5 33. Bxe5 Bxe5 34. Rxe5 Rxe5 35. Qxe5 Qd5 36. Qe7+ Kg8 37. Qe8+ Kg7 38. Re7+ Kh6 39. Qf8+ Kg5 40. h4+ Kxh4 41. Qf4+ Kh5 42. Rxh7# 1-0

[Event "Madurai Athens of the East op 2nd"]
[Site "Madurai"]
[Date "2022.07.01"]
[Round "5"]
[White "Md Imran"]
[Black "Gusain, Himal"]
[Result "1/2-1/2"]
[WhiteElo "1995"]
[BlackElo "2371"]
[PlyCount "122"]
[EventDate "2022.06.28"]
[EventType "swiss"]
[EventRounds "10"]
[EventCountry "IND"]
[SourceTitle "EXT 2023"]
[Source "ChessBase"]
[SourceDate "2022.10.05"]
[SourceVersion "1"]
[SourceVersionDate "2022.10.05"]
[SourceQuality "1"]

1. d4 Nf6 2. Nf3 c5 3. d5 b5 4. c4 Bb7 5. Nbd2 b4 6. e4 d6 7. a3 Nbd7 8. axb4 cxb4 9. c5 Nxc5 10. Bb5+ Nfd7 11. Nb3 Qb6 12. Bxd7+ Nxd7 13. Be3 Qc7 14. 0-0 e5 15. dxe6 fxe6 16. Nfd4 Nf6 17. Nxe6 Qd7 18. Nbd4 Bxe4 19. Rc1 Rc8 20. Rxc8+ Qxc8 21. Qa4+ Qd7 22. Qxb4 Bd5 23. Qb8+ Kf7 24. Ra1 Bxe6 25. Rxa7 Be7 26. Rxd7 Rxb8 27. Rxe7+ Kxe7 28. Nc6+ Kd7 29. Nxb8+ Kc7 30. Na6+ Kb7 31. Nb4 Nd5 32. Nxd5 Bxd5 33. Bd4 g6 34. f3 Kc6 35. Kf2 Bc4 36. Ke3 Bf1 37. g4 Bg2 38. Kf2 Bh3 39. Kg3 Bf1 40. Kf4 Kd5 41. Bg7 Be2 42. h4 Kc4 43. Ke3 Bd1 44. Bf8 d5 45. Bg7 h5 46. gxh5 gxh5 47. Bf6 Bb3 48. Bg7 Bd1 49. Be5 Bb3 50. Bf6 Bd1 51. Bg7 Bb3 52. Kf4 Bd1 53. Bf6 Be2 54. Ke3 Bd1 55. Bc3 Bb3 56. Bd2 Ba4 57. Be1 d4+ 58. Kf4 Bc6 59. Bf2 Ba8 60. b3+ Kxb3 61. Bxd4 Kc4 1/2-1/2

[Event "Visakhapatnam Vizag op"]
[Site "Visakhapatnam"]
[Date "2022.06.17"]
[Round "10"]
[White "Fedorov, Alexei"]
[Black "Gusain, Himal"]
[Result "1/2-1/2"]
[WhiteElo "2523"]
[BlackElo "2371"]
[PlyCount "134"]
[EventDate "2022.06.10"]
[EventType "swiss"]
[EventRounds "10"]
[EventCountry "IND"]
[SourceTitle "CBM 208 Extra"]
[Source "ChessBase"]
[SourceDate "2022.07.31"]
[SourceVersion "1"]
[SourceVersionDate "2022.07.31"]
[SourceQuality "1"]

1. e4 e5 2. Bc4 Nf6 3. d3 c6 4. Nf3 d5 5. Bb3 Bb4+ 6. Bd2 Bxd2+ 7. Nbxd2 Qc7 8. 0-0 0-0 9. Re1 d4 10. c3 c5 11. cxd4 cxd4 12. Rc1 Qe7 13. Nc4 Nc6 14. Ba4 Bg4 15. Bxc6 Bxf3 16. Qxf3 bxc6 17. Qf5 Nd7 18. Na5 c5 19. Rc2 g6 20. Qh3 Rfc8 21. Rec1 Rab8 22. a3 Qe8 23. g3 Kg7 24. f4 exf4 25. gxf4 Nb6 26. f5 Nd7 27. Nc4 Rc6 28. e5 Nxe5 29. Re2 f6 30. Rce1 Rb7 31. Nxe5 fxe5 32. Rxe5 Qf7 33. Kh1 Rf6 34. fxg6 hxg6 35. Kg1 Rf5 36. Re8 Rg5+ 37. Kh1 Qd5+ 38. R1e4 Rh5 39. Qf3 Rf7 40. R8e7 Rhf5 41. Rxf7+ Qxf7 42. Qg3 Rf3 43. Qe5+ Qf6 44. b4 cxb4 45. axb4 Qxe5 46. Rxe5 Rxd3 47. Kg2 Kf6 48. Ra5 Rb3 49. Rxa7 Ke5 50. Rb7 Kf4 51. b5 Rb2+ 52. Kf1 Ke3 53. b6 Rxh2 54. Re7+ Kd3 55. b7 Rb2 56. Kg1 g5 57. Kf1 g4 58. Kg1 Kd2 59. Kg2 d3 60. Kg3 Rb4 61. Rc7 Kd1 62. Rd7 d2 63. Rc7 Ke2 64. Re7+ Kd3 65. Rd7+ Ke2 66. Re7+ Kd3 67. Rd7+ Ke2 1/2-1/2

[Event "Visakhapatnam Vizag op"]
[Site "Visakhapatnam"]
[Date "2022.06.16"]
[Round "9"]
[White "Savchenko, Boris"]
[Black "Gusain, Himal"]
[Result "1-0"]
[WhiteElo "2524"]
[BlackElo "2371"]
[PlyCount "131"]
[EventDate "2022.06.10"]
[EventType "swiss"]
[EventRounds "10"]
[EventCountry "IND"]
[SourceTitle "CBM 208 Extra"]
[Source "ChessBase"]
[SourceDate "2022.07.31"]
[SourceVersion "1"]
[SourceVersionDate "2022.07.31"]
[SourceQuality "1"]

1. e4 Nf6 2. e5 Nd5 3. Nc3 Nxc3 4. bxc3 d5 5. Rb1 c5 6. Bb5+ Nc6 7. d4 Qc7 8. dxc5 Qxe5+ 9. Ne2 e6 10. Bf4 Qf6 11. c4 Bxc5 12. cxd5 exd5 13. Qxd5 Be7 14. Be5 Qe6 15. Nf4 Qxd5 16. Nxd5 Bd8 17. Bxg7 Rg8 18. Be5 a6 19. Bxc6+ bxc6 20. Nb6 Bxb6 21. Rxb6 Rg5 22. Bd4 Rxg2 23. Kd2 Be6 24. a4 Rg4 25. c3 c5 26. Bxc5 Rxa4 27. Rg1 Ra2+ 28. Ke3 0-0-0 29. Bd4 Bd5 30. Rg7 Re8+ 31. Kf4 Kc7 32. Rb1 h5 33. Kg5 Rae2 34. h4 R2e4 35. Ra1 Kb7 36. Rb1+ Kc7 37. Ra1 Kb7 38. Ra5 Bb3 39. f3 Re2 40. Kf4 Rh8 41. Rg1 Rb8 42. Rb1 Kc8 43. Rxh5 Rb7 44. Rc5+ Kb8 45. h5 Bc2 46. Be5+ Ka7 47. Rxb7+ Kxb7 48. Rc7+ Kb6 49. Rxf7 a5 50. h6 Rh2 51. Rf6+ Kb5 52. Ke3 Rh5 53. Kd4 Rh4+ 54. f4 Rh3 55. c4+ Kb4 56. Rb6+ Ka4 57. c5 Bh7 58. Bg7 Rh1 59. c6 Rc1 60. Kd5 Rc2 61. Kd6 Rd2+ 62. Ke7 Rc2 63. Be5 Ka3 64. c7 a4 65. Rb8 Bf5 66. h7 1-0

[Event "Visakhapatnam Vizag op"]
[Site "Visakhapatnam"]
[Date "2022.06.15"]
[Round "8"]
[White "Gusain, Himal"]
[Black "Audi, Ameya"]
[Result "1/2-1/2"]
[WhiteElo "2371"]
[BlackElo "2395"]
[PlyCount "69"]
[EventDate "2022.06.10"]
[EventType "swiss"]
[EventRounds "10"]
[EventCountry "IND"]
[SourceTitle "CBM 208 Extra"]
[Source "ChessBase"]
[SourceDate "2022.07.31"]
[SourceVersion "1"]
[SourceVersionDate "2022.07.31"]
[SourceQuality "1"]

1. e4 e5 2. Nf3 Nc6 3. Nc3 Nf6 4. Bb5 Nd4 5. Bc4 Nxf3+ 6. gxf3 g6 7. d4 exd4 8. Qxd4 Bg7 9. Qe5+ Kf8 10. Qf4 d6 11. Bd2 Qe7 12. 0-0-0 Be6 13. Bxe6 fxe6 14. e5 dxe5 15. Qxe5 Nd5 16. Nxd5 Bxe5 17. Nxe7 Kxe7 18. Bg5+ Ke8 19. Rde1 Bd6 20. Rxe6+ Kd7 21. Re4 Raf8 22. Bh4 Rxf3 23. Bg3 Re8 24. Rxe8 Kxe8 25. Kd1 h5 26. Bxd6 cxd6 27. Ke2 Rf5 28. Rd1 Ke7 29. Rd4 g5 30. h3 Ke6 31. Ke3 Re5+ 32. Kf3 Rf5+ 33. Ke3 Re5+ 34. Kf3 Rf5+ 35. Ke3 1/2-1/2

[Event "Visakhapatnam Vizag op"]
[Site "Visakhapatnam"]
[Date "2022.06.14"]
[Round "6"]
[White "Nikitenko, Mihail"]
[Black "Gusain, Himal"]
[Result "0-1"]
[WhiteElo "2475"]
[BlackElo "2371"]
[PlyCount "106"]
[EventDate "2022.06.10"]
[EventType "swiss"]
[EventRounds "10"]
[EventCountry "IND"]
[SourceTitle "CBM 208 Extra"]
[Source "ChessBase"]
[SourceDate "2022.07.31"]
[SourceVersion "1"]
[SourceVersionDate "2022.07.31"]
[SourceQuality "1"]

1. Nf3 c5 2. e3 Nf6 3. d4 g6 4. Bd3 Bg7 5. 0-0 0-0 6. Nbd2 d5 7. b3 Nc6 8. Bb2 cxd4 9. exd4 Nb4 10. Be2 Bf5 11. Ne1 Rc8 12. c3 Nc6 13. Nd3 Bxd3 14. Bxd3 e5 15. dxe5 Nxe5 16. Bc2 Qc7 17. Rc1 Rfd8 18. Bb1 Ne4 19. Qe2 Ng4 20. g3 Nxd2 21. Qxd2 Nf6 22. Qe2 Re8 23. Qd3 Ne4 24. Rfe1 Qc5 25. Re2 Re6 26. b4 Qc6 27. Rec2 Nd6 28. Rd1 Nc4 29. Bc1 Rce8 30. Qf1 R8e7 31. h3 Qe8 32. Kg2 Re1 33. Qd3 Qc6 34. f3 Ne3+ 35. Bxe3 R7xe3 36. Qd2 d4 37. Qxe1 Qxf3+ 38. Kh2 Rxe1 39. Rxe1 dxc3 40. Re8+ Bf8 41. Rce2 Kg7 42. R8e3 Qf1 43. Bc2 Bxb4 44. Rg2 f5 45. Rd3 h5 46. h4 Kh6 47. Rd1 Qb5 48. Re1 Bd6 49. Re3 Qc4 50. Rge2 Qxh4+ 51. Kg2 Qg4 52. Bd1 Bxg3 53. Rxg3 c2 0-1